History Quiz

Random History or Clickable Quiz
Score 0/32 Timer 06:00
14 Plays Today
% Correct
Winston
98.5%
Pearl
97.9%
Franklin
97.7%
Joseph
97.6%
Benito
97.2%
Third
95.9%
Harry
95.6%
Mein
95.3%
Manhattan
95.2%
Anne
95.1%
Normandy
94.5%
Nuremberg
94.3%
Iwo
93.7%
Charles
92.7%
Heinrich
92.1%
Neville
89.4%
% Correct
George
88.9%
Eva
88.9%
Chiang
87.3%
London
87.1%
Oskar
86.2%
Enola
85.5%
Hideki
83.5%
Erwin
83.1%
Operation
82.7%
Potsdam
82.4%
Nanking
80.3%
Maginot
79.7%
Tripartite
76.8%
Bernard
75%
Philippe
74.5%
Elie
71%

You're not logged in!

Compare scores with friends on all Sporcle quizzes.
OR
Log In

Sporcle TV

Today on Sporcle TV


Watch our educational content, quiz creation guides, and fun videos on Sporcle TV.

Show Comments

Extras

Top Quizzes Today


Score Distribution

Your Account Isn't Verified!

In order to create a playlist on Sporcle, you need to verify the email address you used during registration. Go to your Sporcle Settings to finish the process.

Report this User

Report this user for behavior that violates our Community Guidelines.

Details: